Centroamérica ante las nuevas relaciones internacionales /
Պահպանված է:
| Հիմնական հեղինակ: | |
|---|---|
| Այլ հեղինակներ: | |
| Ձևաչափ: | Տեքստ |
| Հրապարակվել է: |
San José:
FLACSO
|
| Ցուցիչներ: |
Ավելացրեք ցուցիչ
Չկան պիտակներ, Եղեք առաջինը, ով նշում է այս գրառումը!
|
MARC
| LEADER | 00000 a a2200000 04500 | ||
|---|---|---|---|
| 001 | 24768 | ||
| 003 | |||
| 040 | |||
| 090 | |a 177400 | ||
| 100 | |a Aguilera Peralta, Gabriel | ||
| 245 | |a Centroamérica ante las nuevas relaciones internacionales / |c Gabriel Aguilera Peralta | ||
| 260 | |a San José: |b FLACSO | ||
| 300 | |a 101 p. | ||
| 700 | |a Bermúdez Torres, Lilia |a Torres Rivas, Edelberto |a Benítez Manaut, Raúl |a Córdova Macías, Ricardo |a Vilas, Carlos | ||
| 999 | |c 17435 |d 17435 | ||
